| 000 | 00717nam a2200217Ia 4500 | ||
|---|---|---|---|
| 003 | GCL | ||
| 008 | 140319s9999 xx 000 0 ara d | ||
| 040 |
_aGCL / _cGCL |
||
| 082 | 0 | 4 |
_a301 _bا م |
| 100 | 1 | _aابراهيم خليفة | |
| 245 | 1 | 0 |
_aمفاهيم فى علم الاجتماع / _cابراهيم خليفة |
| 260 |
_a[S.N] : _bالمكتب الجامعى الحديث ، _c1984 |
||
| 300 | _a162 ص | ||
| 490 |
_aقضايا سوسيولوجية _v0 |
||
| 650 | 0 | 4 | _aالعلوم الاجتماعية |
| 650 | 0 | 4 | _aالاجتماع |
| 650 | 0 | 4 | _aالتغير الاجتماعى |
| 650 | 0 | 4 | _aالدراسات الاجتماعية |
| 650 | 0 | 4 | _aالنظم الاجتماعية |
| 942 |
_2ddc _cBK |
||
| 999 |
_c55996 _d55996 |
||